[Event "Championnat de la Loire - Top20"]
[Site "Loire"]
[Date "2003.03.22"]
[Round "7.5"]
[White "Bellon, Yves"]
[Black "Fuster, Pierre"]
[Result "0-1"]
[WhiteElo "1860"]
[BlackElo "1890"]
[PlyCount "148"]

1. c4 c6 2. g3 d5 3. b3 e5 4. Bg2 Nf6 5. Nf3 e4 6. Nd4 dxc4 7. Bb2 Bc5 8. e3
cxb3 9. axb3 O-O 10. Qc2 Qe7 11. Ne2 Bf5 12. Ra5 b6 13. Bxf6 gxf6 14. Ra4 Re8
15. Nbc3 b5 16. Ra5 Bb6 17. Ra2 Bg6 18. O-O Nd7 19. Nf4 f5 20. d4 Nf6 21. Rc1
Red8 22. Qb1 Bc7 23. Nce2 Bxf4 24. Nxf4 Rd6 25. Rac2 Qb7 26. Qb2 Rc8 27. Bh3
Nd5 28. Qa3 Qd7 29. Rc5 Rc7 30. Qa5 Rc8 31. Bf1 Nxf4 32. gxf4 Bh5 33. Bxb5 Qe6
34. Bc4 Qg6+ 35. Kf1 Bf3 36. Be2 Qg2+ 37. Ke1 Qg1+ 38. Kd2 Qxf2 39. Qa6 Rcd8
40. Rxf5 Rxd4+ 41. exd4 Qxd4+ 42. Kc2 Qd2+ 43. Kb1 Bxe2 44. Rg5+ Kh8 45. Qa1+
Rd4 46. Qb2 e3 47. Rcg1 Bd3+ 48. Ka1 Qxb2+ 49. Kxb2 Rd8 50. Rg7 Bg6 51. R7xg6
fxg6 52. Re1 Re8 53. Kc3 Kg7 54. Kd3 Rd8+ 55. Ke4 Re8+ 56. Kd4 Kf6 57. Rxe3
Rxe3 58. Kxe3 c5 59. Ke4 Ke6 60. h3 h6 61. Ke3 Kd5 62. Kd3 a5 63. Kc3 Kc6 64.
Kc4 Kb6 65. Kd5 Kb5 66. Ke6 c4 67. bxc4+ Kxc4 68. Kf6 a4 69. Kxg6 a3 70. f5 a2
71. f6 a1=Q 72. f7 Qh8 73. h4 Kd5 74. h5 Ke6 0-1

[Event "Championnat de la Loire - Top20"]
[Site "Loire"]
[Date "2003.03.22"]
[Round "7.6"]
[White "Poncet, Alain"]
[Black "Mujic, Saban"]
[Result "1/2-1/2"]
[WhiteElo "1920"]
[BlackElo "1770"]
[PlyCount "57"]

1. e4 c5 2. Nf3 d6 3. d4 cxd4 4. Nxd4 Nc6 5. c4 Nf6 6. Nc3 a6 7. Be2 e6 8. O-O
Be7 9. Kh1 Bd7 10. Be3 O-O 11. Rc1 Rc8 12. f4 Nxd4 13. Bxd4 Bc6 14. Bf3 Ne8 15.
e5 dxe5 16. Bxe5 Qxd1 17. Nxd1 Bf6 18. Bxc6 Rxc6 19. b4 Bxe5 20. fxe5 Nc7 21.
Ne3 Rd8 22. Rcd1 Rxd1 23. Rxd1 Kf8 24. Kg1 Ke7 25. Kf2 f6 26. Kf3 fxe5 27. Ke4
Ne8 28. Kxe5 Nf6 29. h3 1/2-1/2

[Event "Championnat de la Loire - Top20"]
[Site "Loire"]
[Date "2003.03.22"]
[Round "7.7"]
[White "Etlicher, Dominique"]
[Black "Valentin, Alain"]
[Result "1-0"]
[WhiteElo "1960"]
[BlackElo "1740"]
[PlyCount "39"]

1. d4 Nf6 2. c4 e6 3. Nc3 Bb4 4. e3 b6 5. Nge2 Bb7 6. a3 Be7 7. Nf4 d6 8. d5 e5
9. Nh5 Nxh5 10. Qxh5 Nd7 11. Bd3 c6 12. e4 O-O 13. Nd1 Nf6 14. Qe2 Ne8 15. g4
Bg5 16. Bxg5 Qxg5 17. h4 Qf4 18. Ne3 g6 19. g5 c5 20. Ng2 1-0

[Event "Championnat de la Loire - Top20"]
[Site "Loire"]
[Date "2003.03.16"]
[Round "7.8"]
[White "Walter, Alain"]
[Black "Bruel, Bruno"]
[Result "0-1"]
[WhiteElo "1810"]
[BlackElo "1690"]
[PlyCount "124"]

1. c4 c6 2. Nc3 d5 3. cxd5 cxd5 4. d4 Nc6 5. Nf3 Nf6 6. e3 e6 7. Bb5 Bd6 8. O-O
O-O 9. Bd2 Bd7 10. Rc1 Qe7 11. a3 a6 12. Bd3 b5 13. b4 h6 14. e4 dxe4 15. Nxe4
Nxe4 16. Bxe4 Rac8 17. Re1 Rfd8 18. Qe2 Qf8 19. Bb1 Ne7 20. Nh4 Nd5 21. Rc5
Bxc5 22. dxc5 Bc6 23. Nf3 Qe7 24. Ne5 Ba8 25. Bc2 Qf6 26. g3 Qe7 27. h4 Nf6 28.
Bc1 h5 29. Bg5 Bd5 30. a4 bxa4 31. Bxa4 a5 32. bxa5 Qxc5 33. Bxf6 gxf6 34. Nd7
Qe7 35. Nb6 Rc3 36. Qxh5 Bf3 37. Qb5 Qc5 38. Qxc5 Rxc5 39. a6 Ra5 40. Bc2 Rxa6
41. Nc4 Rc6 42. Ne3 Rdc8 43. Bd1 Rc1 44. Kf1 Bxd1 45. Rxd1 Kg7 46. Rxc1 Rxc1+
47. Ke2 f5 48. Kf3 Ra1 49. Ke2 Kg6 50. Kf3 e5 51. Nd5 Ra3+ 52. Kg2 Ra7 53. Kf3
Rd7 54. Ne3 Rd4 55. g4 fxg4+ 56. Nxg4 Rf4+ 57. Kg3 f6 58. Ne3 Kh5 59. Ng2 Rg4+
60. Kf3 e4+ 61. Ke3 Rxg2 62. Kxe4 Rxf2 0-1

[Event "Championnat de la Loire - Top20"]
[Site "Loire"]
[Date "2003.03.22"]
[Round "7.9"]
[White "Petit, Didier"]
[Black "Rea, Laurent"]
[Result "1-0"]
[WhiteElo "1760"]
[BlackElo "1750"]
[PlyCount "59"]

1. c4 Nf6 2. Nc3 d6 3. g3 c6 4. Bg2 e5 5. d4 Nbd7 6. d5 c5 7. e3 Be7 8. Nge2
O-O 9. O-O Ne8 10. f4 f5 11. e4 fxe4 12. Nxe4 Nef6 13. N2c3 a6 14. a4 Nxe4 15.
Nxe4 b6 16. Bd2 Ra7 17. Rc1 Nf6 18. fxe5 Nxe4 19. Bxe4 dxe5 20. Qh5 g6 21. Bxg6
hxg6 22. Qxg6+ Kh8 23. Rxf8+ Qxf8 24. Rf1 Qg7 25. Qe8+ Qg8 26. Qh5+ Qh7 27.
Qxe5+ Qg7 28. Qh5+ Kg8 29. Bc3 Qg4 30. Qh8# 1-0

[Event "Championnat de la Loire - Top20"]
[Site "Loire"]
[Date "2003.04.12"]
[Round "8.1"]
[White "Cursoux, Gerard"]
[Black "Cizeron, Frederic"]
[Result "1-0"]
[WhiteElo "1990"]
[BlackElo "2092"]
[PlyCount "43"]

1. e4 c6 2. d4 d5 3. exd5 cxd5 4. c4 Nf6 5. Nc3 Nc6 6. cxd5 Nxd5 7. Bb5 e6 8.
Nf3 Bd6 9. O-O O-O 10. Re1 a6 11. Bd3 Nf4 12. Bb1 Nb4 13. g3 Ng6 14. Ng5 Be7
15. Qh5 Bxg5 16. Bxg5 Qxd4 17. Re4 Qc5 18. Rh4 h6 19. Ne4 Qe5 20. Nf6+ gxf6 21.
Qxh6 Rd8 22. Bxg6 1-0

[Event "Championnat de la Loire - Top20"]
[Site "Loire"]
[Date "2003.04.12"]
[Round "8.2"]
[White "Deville, Olivier"]
[Black "Ollier, Michel"]
[Result "1-0"]
[WhiteElo "2040"]
[BlackElo "1900"]
[PlyCount "129"]

1. d4 Nf6 2. c4 e6 3. Nf3 c5 4. d5 exd5 5. cxd5 d6 6. Nc3 g6 7. e4 Bg7 8. Bb5+
Bd7 9. a4 a6 10. Bd3 Bg4 11. h3 Bxf3 12. Qxf3 O-O 13. Bf4 Qb6 14. Qe2 Re8 15.
O-O Nbd7 16. Qd2 c4 17. a5 Qc7 18. Bc2 Nc5 19. Rfe1 Nfd7 20. Na4 Re7 21. Qb4
Be5 22. Bg5 f6 23. Be3 Nxa4 24. Bxa4 Nc5 25. Bc2 g5 26. g3 Qc8 27. Kh2 g4 28.
Rab1 h5 29. h4 Nd3 30. Bxd3 cxd3 31. Qd2 f5 32. Bf4 fxe4 33. Rxe4 Qc2 34. Qxc2
dxc2 35. Rc1 Rc8 36. Bxe5 Rxe5 37. Rxe5 dxe5 38. d6 Kf7 39. d7 Rd8 40. Rxc2
Rxd7 41. Rc5 Ke6 42. b4 Kd6 43. Rc8 Rf7 44. Kg2 Rf3 45. Rh8 Rf5 46. Rh7 Kc6 47.
Rg7 e4 48. Re7 Kd5 49. Rxb7 Kc4 50. Rb6 Rb5 51. Rxa6 Kxb4 52. Re6 Kxa5 53. Rxe4
Rf5 54. Re6 Kb5 55. Rg6 Kc5 56. Rg5 Rxg5 57. hxg5 Kd5 58. f4 gxf3+ 59. Kxf3 Ke5
60. g4 hxg4+ 61. Kxg4 Ke6 62. Kh5 Kf7 63. Kh6 Kg8 64. Kg6 Kh8 65. Kf7 1-0

[Event "Championnat de la Loire - Top20"]
[Site "Loire"]
[Date "2003.04.12"]
[Round "8.4"]
[White "Garon, Pierre"]
[Black "Fuster, Pierre"]
[Result "1-0"]
[WhiteElo "2040"]
[BlackElo "1890"]
[PlyCount "72"]

1. d4 Nf6 2. Nf3 d5 3. e3 c5 4. c3 e6 5. Bd3 Nc6 6. O-O Bd6 7. Nbd2 O-O 8. dxc5
Bxc5 9. b4 Bd6 10. Bb2 e5 11. e4 Bg4 12. exd5 Nxd5 13. Qc2 h6 14. h3 Be6 15.
Rfe1 Rc8 16. a3 Nd4 17. Nxd4 exd4 18. c4 Bxh3 19. Nf3 Bg4 20. Nh2 Qg5 21. Bxd4
Bxh2+ 22. Kxh2 Nf4 23. Be4 f5 24. Bxb7 Rc7 25. f3 Rxb7 26. fxg4 Qxg4 27. Be5
Re8 28. c5 Ng6 29. Bc3 Rbe7 30. Qf2 Re2 31. Qg3 Qxg3+ 32. Kxg3 R2e3+ 33. Kf2 f4
34. Bd2 Rxe1 35. Rxe1 Rf8 36. Re4 Ne7 1-0

[Event "Championnat de la Loire - Top20"]
[Site "Loire"]
[Date "2003.04.12"]
[Round "8.5"]
[White "Bruel, Bruno"]
[Black "Graillon, David"]
[Result "1/2-1/2"]
[WhiteElo "1690"]
[BlackElo "1950"]
[PlyCount "52"]

1. d4 c5 2. d5 e5 3. e4 d6 4. Nf3 Nf6 5. Nc3 Be7 6. Bc4 Nbd7 7. O-O a6 8. a4 h5
9. h4 Ng4 10. Ng5 Rh6 11. f4 Rg6 12. g3 Bf6 13. Be2 exf4 14. Bxf4 Nde5 15. Qd2
Qe7 16. Rae1 Bd7 17. b3 Kf8 18. Nh7+ Kg8 19. Nxf6+ gxf6 20. Nd1 Kh8 21. Nf2
Rag8 22. Nxg4 Bxg4 23. Bxg4 Nxg4 24. Kg2 Kh7 25. b4 Qc7 26. Qc3 b6 1/2-1/2

[Event "Championnat de la Loire - Top20"]
[Site "Loire"]
[Date "2003.04.12"]
[Round "8.6"]
[White "Mujic, Saban"]
[Black "Petit, Didier"]
[Result "1/2-1/2"]
[WhiteElo "1770"]
[BlackElo "1760"]
[PlyCount "131"]

1. Nf3 Nf6 2. d4 d5 3. e3 c6 4. c4 dxc4 5. Bxc4 b5 6. Bd3 Bb7 7. O-O e6 8. Qc2
Nbd7 9. a4 a6 10. Bd2 Be7 11. Nc3 b4 12. Ne4 a5 13. b3 O-O 14. Rac1 Rc8 15. Nc5
Bxc5 16. dxc5 e5 17. Rfd1 Qe7 18. e4 h6 19. h3 Rfd8 20. Be3 Nf8 21. Bc4 Ng6 22.
Rd2 Rxd2 23. Nxd2 Nf4 24. Nf3 Ng6 25. Rd1 Rd8 26. Rxd8+ Qxd8 27. Qd3 Qxd3 28.
Bxd3 Nd7 29. Nd2 Ngf8 30. Nc4 Ne6 31. Nxa5 Ba8 32. Nc4 Nexc5 33. Bc2 f6 34. Bd2
Na6 35. f3 h5 36. Kf2 Kf8 37. Be3 Ke7 38. Ke2 c5 39. Na5 Nc7 40. Bd3 Ne6 41.
Bc4 Nf4+ 42. Bxf4 exf4 43. Bb5 Ne5 44. Nc4 Ke6 45. a5 Bc6 46. Bxc6 Nxc6 47. Kd3
Kd7 48. a6 Kc7 49. h4 Kb8 50. Nd6 Ne5+ 51. Kc2 Ka7 52. Ne8 Ng6 53. Nxg7 Nxh4
54. Nxh5 Nxg2 55. Nxf6 Ne1+ 56. Kd1 Nxf3 57. Nd5 Nd4 58. Nxf4 Kxa6 59. e5 Kb6
60. e6 Kc6 61. e7 Kd7 62. Nd5 Nxb3 63. Kc2 Nd4+ 64. Kd3 Nf5 65. e8=Q+ Kxe8 66.
Nxb4 1/2-1/2

[Event "Championnat de la Loire - Top20"]
[Site "Loire"]
[Date "2003.04.12"]
[Round "8.7"]
[White "Etlicher, Dominique"]
[Black "Poncet, Alain"]
[Result "1-0"]
[WhiteElo "1960"]
[BlackElo "1920"]
[PlyCount "67"]

1. d4 Nf6 2. c4 e6 3. Nc3 Bb4 4. e3 c5 5. Bd3 Nc6 6. Nge2 d5 7. O-O O-O 8. a3
Bxc3 9. bxc3 b6 10. cxd5 exd5 11. Ng3 Re8 12. a4 Bg4 13. f3 Bd7 14. Qd2 Na5 15.
Qf2 Nb3 16. Rb1 Nxc1 17. Rbxc1 Bxa4 18. e4 dxe4 19. fxe4 Qd7 20. e5 Ng4 21. Qf4
Bb3 22. Nf5 Nxe5 23. dxe5 Qxd3 24. Qg5 g6 25. Nh6+ Kg7 26. Qf6+ Kxh6 27. Rf3
Qe2 28. Rh3+ Qh5 29. Rxh5+ Kxh5 30. Re1 Re6 31. Qf4 Rae8 32. g4+ Kh4 33. g5+
Kh5 34. Re4 1-0

[Event "Championnat de la Loire - Top20"]
[Site "Loire"]
[Date "2003.04.12"]
[Round "8.8"]
[White "Walter, Alain"]
[Black "Bellon, Yves"]
[Result "0-1"]
[WhiteElo "1810"]
[BlackElo "1860"]
[PlyCount "138"]

1. e4 c5 2. Nc3 Nc6 3. f4 g6 4. Nf3 Bg7 5. d3 d6 6. g3 Nf6 7. Bg2 O-O 8. O-O
Rb8 9. Rb1 b5 10. a3 b4 11. axb4 cxb4 12. Ne2 Qb6+ 13. Kh1 Ng4 14. Qe1 a5 15.
Bd2 Ba6 16. h3 Ne3 17. Bxe3 Qxe3 18. Qf2 Qxf2 19. Rxf2 b3 20. Nc1 bxc2 21. Rxc2
Rfc8 22. Bf1 Nb4 23. Rxc8+ Rxc8 24. e5 dxe5 25. Nxe5 Bxe5 26. fxe5 Rc2 27. Nb3
Bxd3 28. Bxd3 Nxd3 29. Nxa5 Nxb2 30. Nc6 e6 31. Nd4 Rd2 32. Nf3 Rf2 33. Nd4 Nc4
34. Kg1 Rd2 35. Nf3 Re2 36. Kf1 Re3 37. Rb8+ Kg7 38. Kf2 Re4 39. Rb5 h6 40. Rb4
g5 41. g4 Kg6 42. Ra4 h5 43. Kg3 h4+ 44. Kf2 Rf4 45. Ke2 Re4+ 46. Kf2 f5 47.
exf6 Kxf6 48. Rb4 Nd2 49. Rxe4 Nxe4+ 50. Ke3 Nc3 51. Kd3 Nd5 52. Ke4 Nf4 53.
Ng1 Kf7 54. Ke5 Ke7 55. Ke4 Kd6 56. Kd4 e5+ 57. Kc4 Ke6 58. Kc5 Ke7 59. Kc4 Kd6
60. Kc3 Kd5 61. Kd2 Ke4 62. Kd1 Ke3 63. Ke1 e4 64. Kf1 Kd2 65. Kf2 e3+ 66. Kf3
e2 67. Nxe2 Nxe2 68. Kg2 Nf4+ 69. Kh2 Ke3 0-1

[Event "Championnat de la Loire - Top20"]
[Site "Loire"]
[Date "2003.05.17"]
[Round "9.1"]
[White "Fuster, Pierre"]
[Black "Cizeron, Frederic"]
[Result "0-1"]
[WhiteElo "1890"]
[BlackElo "2092"]
[PlyCount "46"]

1. e4 e6 2. d4 d5 3. exd5 exd5 4. Bd3 Bd6 5. Nf3 Bg4 6. O-O Nc6 7. c3 Qd7 8.
Re1+ Nce7 9. Nbd2 O-O-O 10. Qc2 f6 11. h3 Bf5 12. Nf1 g5 13. Ne3 Bxd3 14. Qxd3
h5 15. Nh2 g4 16. hxg4 Bxh2+ 17. Kxh2 hxg4+ 18. Kg1 f5 19. g3 Nf6 20. Bd2 Ne4
21. Kg2 Ng6 22. Nc2 Rh3 23. Be3 f4 0-1

[Event "Championnat de la Loire - Top20"]
[Site "Loire"]
[Date "2003.05.17"]
[Round "9.2"]
[White "Graillon, David"]
[Black "Deville, Olivier"]
[Result "1/2-1/2"]
[WhiteElo "1950"]
[BlackElo "2040"]
[PlyCount "85"]

1. e4 c5 2. Nf3 e6 3. c3 Nf6 4. Bd3 d6 5. O-O Qc7 6. Bc2 Be7 7. d4 Nbd7 8. Nbd2
O-O 9. Re1 b5 10. Nf1 a5 11. e5 dxe5 12. dxe5 Nd5 13. Qd3 g6 14. Qxb5 Ba6 15.
Qa4 c4 16. Be4 Nc5 17. Qc2 Bb7 18. Ng3 Rfd8 19. h4 Nxe4 20. Nxe4 h5 21. Neg5
Bc5 22. Ne4 Be7 23. Bh6 Kh7 24. Bc1 Bf8 25. Nfg5+ Kg8 26. Ng3 Bg7 27. Nf3 Ne7
28. Bg5 Bxf3 29. gxf3 Rd3 30. Qe2 Rad8 31. Rad1 R8d5 32. f4 Qa7 33. Kg2 Qb7 34.
Kg1 Qa7 35. Ne4 Nf5 36. Rxd3 cxd3 37. Qd2 Qa6 38. Ng3 Nh6 39. Kg2 a4 40. a3 Qb7
41. f3 Nf5 42. Re4 Rb5 43. Rb4 1/2-1/2

[Event "Championnat de la Loire - Top20"]
[Site "Loire"]
[Date "2003.05.11"]
[Round "9.3"]
[White "Massard, Christian"]
[Black "Cursoux, Gerard"]
[Result "0-1"]
[WhiteElo "1830"]
[BlackElo "1990"]
[PlyCount "102"]

1. Nf3 g6 2. d4 Bg7 3. c4 c5 4. Nc3 cxd4 5. Nxd4 Nc6 6. Nxc6 bxc6 7. Qc2 Qc7 8.
g3 Nf6 9. Bg2 O-O 10. O-O Rb8 11. Rb1 d6 12. b3 Bg4 13. Ne4 Nxe4 14. Bxe4 Bh3
15. Bg2 Qd7 16. Bb2 e5 17. Rfd1 Rfd8 18. Bxh3 Qxh3 19. Qe4 Qd7 20. Ba3 d5 21.
Qg2 Qe6 22. cxd5 cxd5 23. Rbc1 Qa6 24. Bc5 e4 25. e3 Qxa2 26. b4 a5 27. bxa5
Qxa5 28. Bd4 Rbc8 29. Ra1 Qc7 30. Qf1 Qc4 31. Qe1 Bxd4 32. Rxd4 Qc3 33. Qd1 Rc4
34. Rd2 d4 35. exd4 Rcxd4 36. Rxd4 Rxd4 37. Ra8+ Kg7 38. Qa1 Qxa1+ 39. Rxa1 Rd2
40. Ra6 f5 41. Kf1 Kh6 42. Ra7 g5 43. h4 gxh4 44. gxh4 Kg6 45. h5+ Kxh5 46.
Rxh7+ Kg6 47. Rh8 f4 48. Rg8+ Kf5 49. Rf8+ Kg4 50. Ke1 Rb2 51. Rh8 Kf3 0-1

[Event "Championnat de la Loire - Top20"]
[Site "Loire"]
[Date "2003.05.17"]
[Round "9.4"]
[White "Bellon, Yves"]
[Black "Garon, Pierre"]
[Result "1-0"]
[WhiteElo "1860"]
[BlackElo "2040"]
[PlyCount "61"]

1. c4 Nf6 2. Nc3 e6 3. e4 d6 4. d4 b6 5. Bg5 Be7 6. Bxf6 Bxf6 7. f4 Bb7 8. Nf3
Nd7 9. Be2 g6 10. O-O O-O 11. Qd2 Bg7 12. Rad1 Qe7 13. Qe3 a6 14. Rfe1 c6 15.
Bd3 Rfe8 16. Re2 Qd8 17. e5 d5 18. cxd5 cxd5 19. g4 Nf8 20. f5 exf5 21. gxf5
Bc8 22. Qf4 gxf5 23. Bxf5 Ng6 24. Qg4 h5 25. Qxh5 Bxf5 26. Qxf5 Re6 27. Ng5 Re7
28. e6 Nh8 29. Nxd5 Rea7 30. e7 Qe8 31. Qh7# 1-0

[Event "Championnat de la Loire - Top20"]
[Site "Loire"]
[Date "2003.05.17"]
[Round "9.5"]
[White "Ollier, Michel"]
[Black "Mujic, Saban"]
[Result "1/2-1/2"]
[WhiteElo "1900"]
[BlackElo "1770"]
[PlyCount "45"]

1. e4 c5 2. Nf3 d6 3. d4 cxd4 4. Nxd4 Nf6 5. Nc3 a6 6. Bg5 e6 7. f4 Be7 8. Qf3
Qc7 9. O-O-O Nc6 10. Nxc6 bxc6 11. e5 dxe5 12. fxe5 Nd5 13. Bxe7 Qxe7 14. Ne4
O-O 15. h4 Bb7 16. c4 Nc7 17. Nd6 Ne8 18. c5 f6 19. Bd3 fxe5 20. Qe4 g6 21.
Qxe5 Nxd6 22. cxd6 Qf6 23. Rhe1 1/2-1/2

[Event "Championnat de la Loire - Top20"]
[Site "Loire"]
[Date "2003.05.17"]
[Round "9.6"]
[White "Testard, Philippe"]
[Black "Etlicher, Dominique"]
[Result "1-0"]
[WhiteElo "2100"]
[BlackElo "1960"]
[PlyCount "75"]

1. e4 c5 2. Nf3 d6 3. d4 cxd4 4. Nxd4 Nf6 5. Nc3 a6 6. Bg5 e6 7. f4 b5 8. e5
dxe5 9. fxe5 Qc7 10. Qe2 Nfd7 11. O-O-O Nc6 12. Nxc6 Qxc6 13. g3 Bb7 14. Rg1
Qc7 15. Bg2 Bxg2 16. Qxg2 Rc8 17. Rge1 h6 18. Bf4 g5 19. Be3 Bg7 20. Bd4 O-O
21. h4 g4 22. Qe4 b4 23. Ne2 Qc4 24. b3 Nc5 25. Qe3 Qb5 26. Nf4 a5 27. Nh5 a4
28. Qf4 Nd3+ 29. Rxd3 Qxd3 30. Qf2 axb3 31. axb3 Rc7 32. Kb1 Qa6 33. Qe2 Qc6
34. Qe4 Rfc8 35. c4 Qxe4+ 36. Rxe4 Kf8 37. Rxg4 Bh8 38. Re4 $138 1-0

[Event "Championnat de la Loire - Top20"]
[Site "Loire"]
[Date "2003.05.17"]
[Round "9.7"]
[White "Valentin, Alain"]
[Black "Bruel, Bruno"]
[Result "0-1"]
[WhiteElo "1740"]
[BlackElo "1690"]
[PlyCount "60"]

1. d4 d5 2. c4 c6 3. Nf3 Nf6 4. cxd5 cxd5 5. Nc3 Bf5 6. Qb3 Bc8 7. Bf4 a6 8. e3
e6 9. h3 Be7 10. Bd3 Nbd7 11. O-O b5 12. Rac1 O-O 13. e4 Bb7 14. e5 Ne4 15. Qc2
Rc8 16. Qb1 f5 17. exf6 Ndxf6 18. Be5 h6 19. Nh4 Nd2 20. Qc2 Nxf1 21. Bxf6 Rxf6
22. Bh7+ Kh8 23. Ng6+ Rxg6 24. Bxg6 b4 25. Qe2 bxc3 26. bxc3 Qd6 27. Qxf1 a5
28. Bd3 Bg5 29. Rc2 Ra8 30. Qe2 Ba6 0-1

[Event "Championnat de la Loire - Top20"]
[Site "Loire"]
[Date "2003.05.14"]
[Round "9.8"]
[White "Petit, Didier"]
[Black "Carrot, Patrick"]
[Result "1-0"]
[WhiteElo "1760"]
[BlackElo "1820"]
[PlyCount "129"]

1. e4 c5 2. Nf3 d6 3. Bb5+ Bd7 4. Nc3 Bxb5 5. Nxb5 Nf6 6. Qe2 e6 7. O-O Nc6 8.
d3 Be7 9. d4 a6 10. dxc5 axb5 11. cxd6 Bf8 12. e5 Nd7 13. Qxb5 Ra5 14. Qxb7
Ncxe5 15. Nxe5 Rxe5 16. Rd1 Qb8 17. Qxb8+ Nxb8 18. c4 Rc5 19. b3 Kd7 20. Ba3
Ra5 21. Bb4 Rh5 22. a3 Na6 23. Ra2 Rg8 24. Rc2 g6 25. Be1 Bg7 26. Bc3 Bxc3 27.
Rxc3 Rc8 28. b4 Rd5 29. Rxd5 exd5 30. c5 h6 31. Kf1 f5 32. Ke2 Kc6 33. Rh3 h5
34. Kd2 Ra8 35. Rc3 d4 36. Rg3 Nxc5 37. bxc5 Kxc5 38. Rxg6 Rxa3 39. d7 Ra2+ 40.
Kd3 Ra3+ 41. Kc2 Ra8 42. Rf6 Kd5 43. f4 h4 44. g3 hxg3 45. hxg3 Rg8 46. Kd2 Rd8
47. Rxf5+ Kd6 48. Rf7 Ke6 49. Rh7 Kf6 50. Rh6+ Ke7 51. Kd3 Kxd7 52. Kxd4 Rg8
53. Rh3 Ke6 54. Ke4 Kf6 55. Kf3 Rd8 56. g4 Rd3+ 57. Kg2 Rd4 58. Kg3 Rd3+ 59.
Kh4 Rd4 60. Rf3 Rd1 61. Ra3 Rh1+ 62. Kg3 Rg1+ 63. Kh3 Rf1 64. Ra6+ Kf7 65. f5
1-0

[Event "Championnat de la Loire - Top20"]
[Site "Loire"]
[Date "2003.05.17"]
[Round "9.9"]
[White "Rea, Laurent"]
[Black "Poncet, Alain"]
[Result "1-0"]
[WhiteElo "1750"]
[BlackElo "1920"]
[PlyCount "77"]

1. d4 f5 2. Bg5 h6 3. Bf4 d6 4. Nf3 Nf6 5. Nc3 e6 6. h3 g5 7. Bh2 Bg7 8. e3
Nbd7 9. Bd3 a6 10. Qe2 b5 11. e4 fxe4 12. Nxe4 Bb7 13. Ng3 Kf7 14. O-O-O c5 15.
Rhe1 Re8 16. Ne4 Bxe4 17. Bxe4 d5 18. Nxg5+ hxg5 19. Bf3 cxd4 20. Rd3 e5 21.
Bh5+ Nxh5 22. Qxh5+ Kg8 23. Rg3 Bf6 24. h4 Qe7 25. hxg5 Bg7 26. Rh3 Nf8 27. f4
Qb4 28. Rd1 e4 29. f5 Rec8 30. f6 Ne6 31. Qh7+ Kf7 32. fxg7 Nxg7 33. Rf1+ Ke8
34. Qg8+ Kd7 35. Qxg7+ Qe7 36. Rf7 Re8 37. Rh7 Qxf7 38. Qxf7+ Kc6 39. Qc7# 1-0